| 000 | 00439nam a2200145Ia 4500 | ||
|---|---|---|---|
| 008 | 211109s9999||||xx |||||||||||||| ||und|| | ||
| 082 |
_a894.81207 _bGOP-C |
||
| 100 | _aGopala Pillai, N | ||
| 245 | 0 | _aChintadeepam | |
| 260 |
_bNational Book Stall _aKottayam _c1954 |
||
| 300 | _a115p. | ||
| 630 | _xGeneral Stack | ||
| 650 |
_aEAST INDO-EUROPEAN AND CELTIC LITERATURES _vLITERATURES OF OTHER LANGUAGESLITERATURE _xGeneralia |
||
| 942 | _cBOOK | ||
| 999 |
_c18290 _d18290 |
||